000 00411nam a2200169 a 4500
001 0000-8930
003 ELIB.Books
008 110520 1969
035 _a(ELIB.Books)0000-9078
082 _a266
_bWur
100 _aWurmbrand, Richard
245 _aTortured for Christ
260 _bGlendale; Diane Books
_c1969
650 _aMission
942 _2ddc
_cBK
998 _cbat
_e2011-05-20
999 _c8930
_d8930